1329 1614 1521 1801 1786 1726 1762 1286 1432 1493 1287 1129 1587 1974 1947 1486 1404 1359 1412 1457 1137 1678 1204 1868 1189 1217 1682 1424 1107 1504 1813 1330 1090 1141 1851 1701 1781 1887 1341 1622 1115 1006 1184 1066 1829 1346 1561 1858 1366 1154 1597 1204 1233 1364 1845 1105 1825 1757 1543 1301 1394 1011 1324 1606 1868 1908 1615 1844 1202 1423 1193 1007 1641 1026 1588 1555 1975 1937 1436 1989 1303 1769 1007 1767 1819 1257 1719 1029 1029 1543 1383 1600 1665 1656 1079 1405 1541 1300 1786 BCNSPRNW ULIB Ver.6.0+V

เปลี่ยนเป็นภาษาไทย

Change to English
 แสดงรายละเอียดบรรณานุกรม
  กลับหน้าหลัก

Brief Record : Get Marc (ISO 2709) : E-mail record : QR code < ปิดหน้าต่าง
LEADER : 00000nam 2200000uu 4500
001    13399124512
003     ULIB
008    150817s2556 th a 000 0 tha d
020    9789749804287
020    9789749804285
090    นว.^bล158ต ล.10
100    ล่อร่า อิงกัลล์ส์ ไวล์เดอร์;^eผู้แต่ง
245    ตามทางสู่เหย้า/^cล่อร่า อิงกัลล์ส์ ไวล์เดอร์. ; เขียน ,สุคนธรส. ; แปล
250    พิมพ์ครั้งที่ 10
260    กรุงเทพฯ :^bแพรวเยาวชน,^c2556
300    150 หน้า;^b18.5 ซม.
500    หนังสือชุดบ้านเล็ก
700    สุคนธรส ;^eแปล
945    ^p75^l0^i039781
999    ^aทศพร
รายการนี้ยังไม่มีแท็ก
คุณยังไม่ได้ล็อกอิน คุณสามารถมีกิจกรรมร่วมกับเว็บไซต์ได้ แต่ต้องล็อกอินก่อน ::
  ล็อกอิน

รายการสื่อสารสนเทศ

ลำดับที่ ประเภท เลขเรียก/บาร์โค้ด สถานที่ สถานะ
1. นวนิยาย
นวนิยาย
นว. ล158ต ล.10 ฉ.1 
  Barcode: 039781
ห้องสมุดวิทยาเขตสวรรค์ประชารักษ์
►นวนิยาย
บนชั้น
  ขอยืม

BibComment


ยังไม่เคยถูกคอมเมนท์

คอมเมนท์ทรัพยากรรายการนี้
  คอมเมนท์: ตามทางสู่เหย้า ล่..


 Copyright 2026. Bcnsprnw @Library